000
00287nam a22001337a 4500
008
170627b xxu||||| |||| 00| 0 eng d
020
_a
2900072920962
041
_a
eng
080
_a
05
100
_a
21
101
_a
GJL
245
_a
THE LAST DANCE
_c
DESPELDER, L.A
942
_2
udc
_c
BK
999
_c
19200
_d
19200